The sublime love / (Record no. 40371)

MARC details
000 -LEADER
fixed length control field 00612nam a22001937a 4500
005 - DATE AND TIME OF LATEST TRANSACTION
control field 20100809141749.0
010 ## - LCCN (DPL NO)
LC control number ENG-99140
020 ## - INTERNATIONAL STANDARD BOOK NUMBER
International Standard Book Number 9380557035
Terms of availability 40.00
035 ## - SYSTEM CONTROL NUMBER
System control number EN-82672
037 ## - SOURCE OF ACQUISITION
Source of stock number/acquisition DBAD/PUB
082 ## - DEWEY DECIMAL CLASSIFICATION NUMBER
Classification number S
100 ## - MAIN ENTRY--PERSONAL NAME
Personal name Nair,G Balagopalan
245 ## - TITLE STATEMENT
Title The sublime love /
Statement of responsibility, etc by G Balagopalan Nair
260 ## - PUBLICATION, DISTRIBUTION, ETC. (IMPRINT)
Place of publication, distribution, etc Thrissur
Name of publisher, distributor, etc H & S Stores
Date of publication, distribution, etc 2009
270 ## - ADDRESS
Address H & C Publishing House
City Thrissur
Postal code 680001
300 ## - PHYSICAL DESCRIPTION
Extent 63p
Dimensions 19cm(pbk)
942 ## - ADDED ENTRY ELEMENTS (KOHA)
Source of classification or shelving scheme Dewey Decimal Classification
Item type English Books
Classification part S
Call number suffix NAI
Holdings
Withdrawn status Lost status Not for loan Collection code Home library Current library Date acquired Source of acquisition Cost, normal purchase price Full call number Barcode Copy number Cost, replacement price Koha item type
    Not For Loan Fiction Sarojini Nagar D.B.Act.Division 09/08/2010 DBAD/PUB 40.00 S NAI EN-82672 1 40.00 English Books

© Delhi Public Library
Hit Counter
free hit counter